| 000 | 01109nam0a2200325 i 4500 | ||
|---|---|---|---|
| 001 | RU\NLR\BIBL_A\011091709 | ||
| 005 | 20240727010811.0 | ||
| 010 |
_a9785367037272 _97042 |
||
| 021 |
_aRU _b2016-19286 _91234 |
||
| 035 | _a(NILC)RuMoRGB-008243432 | ||
| 035 | _a(NLR Aleph) 011091709 | ||
| 090 |
_a11371365 _c11371365 |
||
| 100 | _a20160331d2016 u y0rusy50 ca | ||
| 101 | 1 |
_arus _cbul |
|
| 102 | _aRU | ||
| 105 | _ay|||z|||000 | ||
| 200 | 1 |
_aТайфуны с ласковыми именами _fБогомил Райнов _g[пер. с болг. А. С. Собковича] |
|
| 210 |
_aСанкт-Петербург _cАмфора _d2016 |
||
| 215 |
_a350, [1] с. _d21 |
||
| 225 | 1 |
_aРазведчики и шпионы _iЭмиль Боев _eеженедельное издание |
|
| 333 | _a12+ | ||
| 675 | _a821.163.2 | ||
| 686 | 1 | _aШ6(4Бл)77-440.4{Лх1119-50} | |
| 700 | 1 |
_aРайнов _bБ. _f1919-2007 _gБогомил |
|
| 801 | 0 |
_aRU _bРГБ _c20160314 _gRCR |
|
| 942 | _cBOOK | ||
| 980 | _aNBR | ||